000 01549nam a22002417a 4500
003 DO-SdBJH
005 20230630131314.0
008 230630b |||||||| |||| 00| 0 spa d
040 _aDO-SdBJH
_bspa
_cDO-SdBJH
090 _aTG EGCEMC
_b01954 2021
100 1 _aBeltrán Reynoso, José Miguel
_esustentante
245 1 0 _aEjecución del procedimiento operacional de control migratorio en la Provincia Dabajón 2019-2020 /
_c José Miguel Beltrán Reynoso, Julián Antonio Claudio Gómez, asesores Danilo Bibieca Gómez, Rocío C. Santana González
260 _aSanto Domingo :
_bINSUDE,
_c2021
300 _axv, 81 páginas, cuadros, gráficos, ilustraciones
502 _aTesis (Especialidad en Comando y Estado Mayor Conjunto). -- Instituto Superior para la Defensa (INSUDE). Escuela de Graduados en Comando y Estado Mayor “General de División Gregorio Luperón”, 2021.
504 _aIncluye referencias bibliográficas e índices
505 _aAntecedentes del flujo migratorio en la frontera Dominico-Haitiana. --Fundamentos legales para ejecutar el control migratorio en la frontera terrestre Dominico-Haitiana. -- Descripción de la zona fronteriza entre República Dominicana-Haití (Dajabón)
700 1 _aClaudio Gómez, Julián Antonio
_esustentante
700 1 _aBibieca Gómez, Danilo
_easesor
700 1 _a Santana González, Rocío C.
_easesor
830 _aINSUDE. Escuela de Graduados en Comando y Estado Mayor “General de División Gregorio Luperón”. Tesis y disertaciones académicas
942 _2CL
_cT
999 _c7512
_d7512